| 000 | 00420pab a2200169 454500 | ||
|---|---|---|---|
| 008 | 180718b2012 xxu||||| |||| 00| 0 eng d | ||
| 100 | _aMeng, Xin | ||
| 245 | _aLabor market outcomes and reforms in China | ||
| 260 | _c2012 | ||
| 300 | _ap.75-102. | ||
| 362 | _aFall | ||
| 650 | _aLabour market - China | ||
| 650 | _aLabour market | ||
| 773 | _aJournal of Economic Perspectives | ||
| 908 | _aN | ||
| 909 | _a101967 | ||
| 999 |
_c101965 _d101965 |
||